|
|
|
|
| LEADER |
00000nab a2200000 a 4500 |
| 001 |
vtls000321093 |
| 003 |
SK-MaSNL |
| 005 |
20260305044447.0 |
| 008 |
220422c1984 xo 0 slo |
| 015 |
|
|
|a SNBRA19rr/mm-uuuuu
|
| 035 |
|
|
|a CL0321215
|
| 040 |
|
|
|a SNKBUCL
|b slo
|c SNKBUCL
|e AACR2
|
| 041 |
0 |
|
|a slo
|
| 044 |
|
|
|a xo
|c SK
|
| 080 |
|
|
|a 616.12-008.318:615.2
|2 1981
|
| 080 |
|
|
|a 615.2
|2 1981
|
| 245 |
0 |
0 |
|a Tranzitórne poruchy srdcového rytmu
|b 3. liekové ; Štefan Kujaník, Pavol Štefara, Anna Gmitrová, Antigona Studená
|
| 300 |
|
|
|b Res. rus., angl., lit. 31 zázn. v slov., ruš., angl., nem.
|
| 650 |
0 |
7 |
|a srdce
|2 snkbucl
|9 13574
|
| 655 |
|
7 |
|a články zo zborníkov
|2 snkbucl
|9 166140
|
| 700 |
1 |
|
|a Kujaník, Štefan,
|d 1949-2013
|4 aut
|9 7429
|
| 700 |
1 |
|
|a Štefara, Pavol
|4 aut
|9 1627756
|
| 700 |
1 |
|
|a Gmitrová, Anna
|4 aut
|9 1029911
|
| 700 |
1 |
|
|a Studená, Antigona,
|d 1938-
|4 aut
|9 9435
|
| 773 |
0 |
|
|t Zborník Lekárskej fakulty UPJŠ Košice. Roč. 27/1984. Zv. 42
|d Bratislava : SPN, 1984
|g S. 95-101
|
| 850 |
|
|
|a Slovenská národná knižnica v Martine
|a MTA001
|
| 852 |
|
|
|a SNK
|b KIS3GCP
|
| 958 |
|
|
|a NB
|
| 958 |
|
|
|a RK
|
| 958 |
|
|
|a ME
|
| 992 |
|
|
|a RZB
|
| 999 |
|
|
|c 3358749
|d 3360679
|